00664cam a22002171 4500001001300000003000400013005001700017008004100034010001700075035001900092040003300111042001200144050001800156100002800174245005800202260003800260300002200298504007100320600004000391999001500431af 48004498 DLC20260227110908.0751117s1944 gw 000 0 ger c aaf 48004498  a(OCoLC)1839706 aYale Univ. LibrarycScUdDLC apremarc00aPT2359.H2bM81 aMṳller, Ernst,d1889-00aHo̤lderlin ;bStudien zur Geschichte seines Geistes. aStuttgart,bW. Kohlhammerc[1944] avi,691 p.c20 cm. aBibliographical references included in "Anmerkungen" (p.[627)-687)10aHölderlin, Friedrich,d1770-1843. c6075d6075